[Event "GER-chT Online Liga 1 GpD"]
[Site "Playchess.com INT"]
[Date "2021.03.23"]
[Round "7.3"]
[White "Engel, Robert"]
[Black "Riemann, Jonas"]
[Result "1-0"]
[WhiteElo "2113"]
[BlackElo "1950"]
[PlyCount "43"]
[EventDate "2021.01.18"]
[EventType "team-tourn (rapid)"]
[EventRounds "7"]
[EventCountry "GER"]
[SourceTitle "EXT 2022"]
[Source "ChessBase"]
[SourceDate "2021.10.06"]
[SourceVersion "1"]
[SourceVersionDate "2021.10.06"]
[SourceQuality "1"]
[WhiteTeam "Hamburger SK"]
[BlackTeam "Bickenbach"]
[WhiteTeamCountry "GER"]
[BlackTeamCountry "GER"]

1. e4 d6 2. d4 Nf6 3. Nc3 g6 4. f4 Bg7 5. Nf3 0-0 6. Bd3 Nbd7 7. 0-0 c5 8. Be3 Ng4 9. Bd2 cxd4 10. Ne2 Qb6 11. Qc1 e5 12. h3 Ngf6 13. Kh1 Re8 14. Ng3 Nc5 15. fxe5 dxe5 16. Bh6 Bd7 17. Qg5 Ncxe4 18. Bxe4 Nxe4 19. Nxe4 f5 20. Bxg7 Kxg7 21. Ng3 Qf6 22. Nh5+ 1-0

[Event "DSOL 02 Liga Gr-C 1st"]
[Site "Playchess.com INT"]
[Date "2020.08.14"]
[Round "2.3"]
[White "Schneider, Jens Erik"]
[Black "Riemann, Jonas"]
[Result "0-1"]
[WhiteElo "1936"]
[BlackElo "1915"]
[PlyCount "78"]
[EventDate "2020.06.22"]
[EventType "team-tourn (rapid)"]
[EventCountry "GER"]
[SourceTitle "EXT 2021"]
[Source "ChessBase"]
[SourceDate "2020.10.23"]
[SourceVersion "1"]
[SourceVersionDate "2020.10.23"]
[SourceQuality "1"]
[WhiteTeam "Dessau"]
[BlackTeam "Bickenbach"]
[WhiteTeamCountry "GER"]
[BlackTeamCountry "GER"]

1. d4 Nf6 2. c4 g6 3. Nc3 Bg7 4. e4 d6 5. Bd3 0-0 6. Nge2 c5 7. d5 e6 8. 0-0 Re8 9. Qc2 exd5 10. Nxd5 Nxd5 11. exd5 Nd7 12. Bd2 Ne5 13. Bc3 Bg4 14. Ng3 a6 15. Rfe1 Rb8 16. a4 Bd7 17. Bf1 b5 18. axb5 axb5 19. b3 Qb6 20. f4 Ng4 21. Bxg7 Kxg7 22. Qc3+ f6 23. h3 Nh6 24. Ne4 Rf8 25. g4 Ng8 26. Kg2 bxc4 27. Bxc4 Bc8 28. Ng5 h6 29. Ne6+ Bxe6 30. Rxe6 Ra8 31. g5 hxg5 32. fxg5 Rxa1 33. Qxa1 Qb4 34. Qb2 Qb6 35. h4 Qd8 36. Qc3 Kh7 37. Qg3 fxg5 38. hxg5 Rf5 39. Qh4+ Kg7 0-1

[Event "Heusenstamm Sparkassen op-A 6th"]
[Site "Heusenstamm"]
[Date "2019.11.23"]
[Round "5"]
[White "Riemann, Jonas"]
[Black "Mueller, Maurice Pascal"]
[Result "1-0"]
[WhiteElo "1882"]
[BlackElo "1683"]
[PlyCount "89"]
[EventDate "2019.11.21"]
[EventType "swiss"]
[EventRounds "7"]
[EventCountry "GER"]
[SourceTitle "CBM 194 Extra"]
[Source "ChessBase"]
[SourceDate "2020.03.31"]
[SourceVersion "1"]
[SourceVersionDate "2020.03.31"]
[SourceQuality "1"]

1. e4 c5 2. d3 Nc6 3. g3 g6 4. Bg2 Bg7 5. f4 e6 6. Nf3 Nge7 7. 0-0 d5 8. e5 Rb8 9. Nbd2 Nf5 10. Re1 Qb6 11. Nf1 c4+ 12. Kh1 cxd3 13. Qxd3 h5 14. Ne3 Nce7 15. Qb3 Qd8 16. c3 b6 17. Nd4 Bd7 18. Bf1 Nxd4 19. cxd4 Nc6 20. Rd1 Na5 21. Qd3 Nc6 22. Bd2 Bf8 23. Nc2 a5 24. a3 b5 25. b4 a4 26. Ne1 Ne7 27. Qf3 Nf5 28. Be3 Be7 29. Nd3 Rc8 30. Rac1 Rxc1 31. Rxc1 g5 32. Nc5 g4 33. Qf2 h4 34. Kg1 hxg3 35. hxg3 Bh4 36. gxh4 g3 37. Qf3 g2 38. Bxg2 Nxh4 39. Qg3 Nf5 40. Qf2 Rg8 41. Kf1 Rg3 42. Bf3 Qh4 43. Ke2 Nxd4+ 44. Bxd4 Qxf4 45. Nd3 1-0

[Event "Heusenstamm Sparkassen op-A 6th"]
[Site "Heusenstamm"]
[Date "2019.11.21"]
[Round "1"]
[White "Riemann, Jonas"]
[Black "Wolf, Ulrich Martin"]
[Result "1/2-1/2"]
[WhiteElo "1882"]
[BlackElo "2151"]
[PlyCount "45"]
[EventDate "2019.11.21"]
[EventType "swiss"]
[EventRounds "7"]
[EventCountry "GER"]
[SourceTitle "CBM 194 Extra"]
[Source "ChessBase"]
[SourceDate "2020.03.31"]
[SourceVersion "1"]
[SourceVersionDate "2020.03.31"]
[SourceQuality "1"]

1. e4 c5 2. Nf3 Nc6 3. d4 cxd4 4. Nxd4 e5 5. Nb5 d6 6. N1c3 a6 7. Na3 b5 8. Nd5 Be7 9. Be3 Rb8 10. g3 Nf6 11. Bg2 0-0 12. 0-0 a5 13. c4 bxc4 14. Nxc4 Ba6 15. b3 Nxd5 16. Qxd5 Nb4 17. Qd2 Bxc4 18. bxc4 Qc7 19. a3 Na6 20. Rab1 a4 21. Qc2 Qc6 22. Bh3 h6 23. Rfc1 1/2-1/2

[Event "Heusenstamm Sparkassen op-A 5th"]
[Site "Heusenstamm"]
[Date "2018.11.24"]
[Round "5"]
[White "Bakiev, Diyor"]
[Black "Riemann, Jonas"]
[Result "1/2-1/2"]
[WhiteElo "1908"]
[BlackElo "1761"]
[PlyCount "82"]
[EventDate "2018.11.22"]
[EventType "swiss"]
[EventRounds "7"]
[EventCountry "GER"]
[SourceTitle "CBM 188 Extra"]
[Source "ChessBase"]
[SourceDate "2019.02.26"]
[SourceVersion "1"]
[SourceVersionDate "2019.02.26"]
[SourceQuality "1"]

1. e4 d6 2. d4 Nf6 3. Nc3 g6 4. Nf3 Bg7 5. Bc4 0-0 6. 0-0 Nbd7 7. Re1 e5 8. h3 exd4 9. Nxd4 Ne5 10. Be2 Bd7 11. Be3 Re8 12. f4 Nc6 13. Bf3 Nxd4 14. Bxd4 Bc6 15. Qd2 Re6 16. Rad1 Qe8 17. Nd5 Bxd5 18. exd5 Rxe1+ 19. Rxe1 Qd7 20. Qc3 Qf5 21. Bxf6 Bxf6 22. Qc4 Qd7 23. Bg4 Qd8 24. Qb5 c6 25. Qxb7 cxd5 26. Qxd5 Qb6+ 27. Kh1 Rd8 28. b3 Qf2 29. Qe4 d5 30. Qe3 Qxc2 31. Qxa7 d4 32. Qa6 Qc3 33. Rd1 d3 34. Qc4 Qc2 35. a4 Qf2 36. a5 Bh4 37. a6 d2 38. Qf1 Qe3 39. Qe2 Qb6 40. Rxd2 Rxd2 41. Qxd2 Qxa6 1/2-1/2

[Event "Heusenstamm Sparkassen op-A 5th"]
[Site "Heusenstamm"]
[Date "2018.11.23"]
[Round "2"]
[White "Riemann, Jonas"]
[Black "Kuhn, Gerhard"]
[Result "1/2-1/2"]
[WhiteElo "1761"]
[BlackElo "1932"]
[PlyCount "166"]
[EventDate "2018.11.22"]
[EventType "swiss"]
[EventRounds "7"]
[EventCountry "GER"]
[SourceTitle "CBM 188 Extra"]
[Source "ChessBase"]
[SourceDate "2019.02.26"]
[SourceVersion "1"]
[SourceVersionDate "2019.02.26"]
[SourceQuality "1"]

1. e4 c6 2. d4 d5 3. exd5 cxd5 4. Bd3 Nc6 5. c3 Nf6 6. h3 e5 7. dxe5 Nxe5 8. Bc2 Bc5 9. Nf3 Nxf3+ 10. Qxf3 Qe7+ 11. Qe2 Qxe2+ 12. Kxe2 0-0 13. Be3 Re8 14. Re1 b6 15. Bd3 d4 16. cxd4 Bxd4 17. Nc3 Bb7 18. Kf1 Bxe3 19. Rxe3 Rxe3 20. fxe3 Rd8 21. Rd1 Kf8 22. Kf2 Ke7 23. g3 h6 24. Be2 Rxd1 25. Bxd1 Nd5 26. Nxd5+ Bxd5 27. a3 Kd6 28. Ke2 Be6 29. g4 Ke5 30. Bc2 g5 31. Kf3 Bd5+ 32. Kg3 Be6 33. h4 a5 34. hxg5 hxg5 35. Kf3 f6 36. Bd3 Bd7 37. Be2 Bc6+ 38. Kf2 Be4 39. Ba6 Kd6 40. Ke2 Kc5 41. Bc8 Kc4 42. Kd2 Bd5 43. Bf5 Kb3 44. Kc1 b5 45. Bd7 b4 46. axb4 Kxb4 47. Bf5 Kc4 48. Kc2 Bf7 49. Kd2 Bg8 50. Kc2 Bd5 51. Kd2 Kb4 52. Kc2 Bc4 53. Kd2 Bf1 54. Kc2 Bg2 55. Kd2 Bf3 56. Kc2 Bc6 57. Kd2 Ba4 58. Be6 Bb5 59. Bf5 Kb3 60. Kc1 Bc4 61. Bc2+ Kb4 62. Bf5 Bb5 63. Kd2 Ba4 64. Be6 Kc5 65. Kd3 Bc6 66. Bf5 Bb5+ 67. Kc3 Kd5 68. Kd2 Ke5 69. Kc3 Be2 70. Kd2 Bc4 71. Kc3 Bd5 72. Kd3 Bf7 73. Kc3 Be6 74. Bxe6 Kxe6 75. Kd4 f5 76. gxf5+ Kxf5 77. Kd5 g4 78. e4+ Kf4 79. e5 g3 80. e6 g2 81. e7 g1Q 82. e8Q Qd1+ 83. Kc5 Qc2+ 1/2-1/2

[Event "Bad Soden U14 op 5th"]
[Site "Bad Soden"]
[Date "2018.10.03"]
[Round "9.1"]
[White "Gallasch, Jonas"]
[Black "Riemann, Jonas"]
[Result "0-1"]
[WhiteElo "2045"]
[BlackElo "1785"]
[PlyCount "74"]
[EventDate "2018.09.30"]
[EventType "swiss"]
[EventRounds "7"]
[EventCountry "GER"]
[SourceTitle "EXT 2020"]
[Source "ChessBase"]
[SourceDate "2019.10.17"]
[SourceVersion "1"]
[SourceVersionDate "2019.10.17"]
[SourceQuality "1"]

1. d4 Nf6 2. c4 e6 3. Nf3 d5 4. Nc3 Bb4 5. cxd5 exd5 6. Qa4+ Nc6 7. Bd2 0-0 8. e3 Bd7 9. Qc2 Bd6 10. a3 Ne7 11. Bd3 Re8 12. 0-0 g6 13. Rac1 c6 14. b4 Bf5 15. Bxf5 Nxf5 16. Qb3 a6 17. Rfd1 Ne4 18. Be1 g5 19. Nxe4 Rxe4 20. Nd2 Rh4 21. Nf3 Rh5 22. g4 Rh6 23. gxf5 g4 24. Ne5 Qh4 25. Kf1 Qxh2 26. Nxg4 Qh3+ 27. Ke2 Qxg4+ 28. f3 Qxf5 29. Bf2 Rh3 30. Rg1+ Kf8 31. f4 Bxf4 32. b5 Bd6 33. bxc6 bxc6 34. Rxc6 Rh2 35. Rf1 Bg3 36. Qb4+ Kg8 37. Qe1 Rb8 0-1

[Event "Bad Soden U14 op 5th"]
[Site "Bad Soden"]
[Date "2018.10.02"]
[Round "7.3"]
[White "Riemann, Jonas"]
[Black "Abou Wally, Adrian"]
[Result "1-0"]
[WhiteElo "1785"]
[BlackElo "1313"]
[PlyCount "63"]
[EventDate "2018.09.30"]
[EventType "swiss"]
[EventRounds "7"]
[EventCountry "GER"]
[SourceTitle "EXT 2020"]
[Source "ChessBase"]
[SourceDate "2019.10.17"]
[SourceVersion "1"]
[SourceVersionDate "2019.10.17"]
[SourceQuality "1"]

1. e4 e5 2. Nf3 Nc6 3. Bc4 Bc5 4. c3 Nf6 5. d4 exd4 6. cxd4 Bb4+ 7. Bd2 Bxd2+ 8. Nbxd2 d5 9. exd5 Nxd5 10. 0-0 0-0 11. Ne5 Nxe5 12. dxe5 Nb6 13. Bb3 Bf5 14. Re1 Re8 15. Nc4 Nxc4 16. Bxc4 Re7 17. Qb3 b6 18. Rad1 Qe8 19. f4 Be6 20. Bxe6 Rxe6 21. Qc3 c5 22. f5 Rc6 23. Qf3 Rac8 24. Qd5 g6 25. e6 gxf5 26. e7 R6c7 27. Qxf5 Rc6 28. Qg4+ Kh8 29. Qd7 Kg7 30. Qxc6 Rxc6 31. Rd8 Rc8 32. Rxc8 1-0

[Event "Bad Soden U14 op 5th"]
[Site "Bad Soden"]
[Date "2018.10.01"]
[Round "5.3"]
[White "Riemann, Jonas"]
[Black "Plaumann, Arvin"]
[Result "1-0"]
[WhiteElo "1785"]
[BlackElo "1269"]
[PlyCount "111"]
[EventDate "2018.09.30"]
[EventType "swiss"]
[EventRounds "7"]
[EventCountry "GER"]
[SourceTitle "EXT 2020"]
[Source "ChessBase"]
[SourceDate "2019.10.17"]
[SourceVersion "1"]
[SourceVersionDate "2019.10.17"]
[SourceQuality "1"]

1. e4 e6 2. d4 d5 3. Nd2 c5 4. exd5 Qxd5 5. Ngf3 cxd4 6. Bc4 Qh5 7. Nb3 Nf6 8. Nbxd4 Bc5 9. Nb3 0-0 10. Nxc5 Qxc5 11. Qe2 Nc6 12. 0-0 Re8 13. Be3 Qh5 14. Nd4 Qxe2 15. Bxe2 Nxd4 16. Bxd4 e5 17. Be3 Bf5 18. c3 Nd5 19. Rad1 Nxe3 20. fxe3 Be6 21. b3 Red8 22. Bf3 f6 23. Bxb7 Rab8 24. Bf3 g5 25. Be2 Kf7 26. Rxd8 Rxd8 27. Rd1 Rxd1+ 28. Bxd1 f5 29. Kf2 Bd5 30. Bc2 f4 31. g3 h5 32. gxf4 gxf4 33. exf4 exf4 34. Bd1 h4 35. Bf3 Be6 36. c4 Kf6 37. Bd5 Bg4 38. b4 Ke5 39. a4 Kd4 40. a5 Ke5 41. b5 Kd6 42. b6 a6 43. b7 Kc7 44. c5 Kb8 45. c6 Bd1 46. Bf3 Ba4 47. Kg2 Kc7 48. Kh3 Bb3 49. Kxh4 Be6 50. Kg5 Bc4 51. Kxf4 Kb8 52. h4 Bf7 53. Ke5 Bc4 54. Kd6 Bf7 55. c7+ Ka7 56. b8Q# 1-0

[Event "Bad Soden U14 op 5th"]
[Site "Bad Soden"]
[Date "2018.09.30"]
[Round "1.3"]
[White "Riemann, Jonas"]
[Black "Stapel, Max"]
[Result "1-0"]
[WhiteElo "1785"]
[BlackElo "1035"]
[PlyCount "77"]
[EventDate "2018.09.30"]
[EventType "swiss"]
[EventRounds "7"]
[EventCountry "GER"]
[SourceTitle "EXT 2020"]
[Source "ChessBase"]
[SourceDate "2019.10.17"]
[SourceVersion "1"]
[SourceVersionDate "2019.10.17"]
[SourceQuality "1"]

1. e4 e5 2. Nf3 Nc6 3. Bc4 Bc5 4. c3 Nf6 5. d4 Bd6 6. 0-0 Nxe4 7. Re1 f5 8. dxe5 Nxe5 9. Nxe5 Bxe5 10. Qd5 Qe7 11. f4 c6 12. Qxe5 Qxe5 13. fxe5 d5 14. exd6 Bd7 15. Nd2 b5 16. Bb3 0-0-0 17. Nxe4 fxe4 18. Bg5 Rde8 19. Be7 Kb7 20. Bf7 Rc8 21. Rxe4 Rb8 22. Rd1 Kb6 23. Be6 Rb7 24. Bxd7 Rxd7 25. Rf1 Rb8 26. Rf8 Rxf8 27. Bxf8 c5 28. Be7 Kc6 29. Rf4 a5 30. Rf7 b4 31. Rxg7 h6 32. Rh7 Kb5 33. Rxh6 Kc4 34. Rh3 a4 35. cxb4 cxb4 36. g4 b3 37. axb3+ axb3 38. Rc3+ Kb4 39. Rc7 1-0

[Event "Heusenstamm Sparkassen op-A 4th"]
[Site "Heusenstamm"]
[Date "2017.11.26"]
[Round "6"]
[White "Riemann, Jonas"]
[Black "Dolaberidze, Nico"]
[Result "1/2-1/2"]
[WhiteElo "1717"]
[BlackElo "1454"]
[PlyCount "73"]
[EventDate "2017.11.23"]
[EventType "swiss"]
[EventRounds "7"]
[EventCountry "GER"]
[SourceTitle "EXT 2019"]
[Source "ChessBase"]
[SourceDate "2018.10.10"]
[SourceVersion "1"]
[SourceVersionDate "2018.10.10"]
[SourceQuality "1"]

1. e4 e5 2. Nf3 Nc6 3. Bc4 Bc5 4. c3 Nf6 5. d4 exd4 6. cxd4 Bb4+ 7. Bd2 Bxd2+ 8. Nbxd2 0-0 9. d5 Na5 10. Bd3 b6 11. 0-0 Nb7 12. b4 Qe7 13. Qb3 a5 14. a3 d6 15. Rac1 Bg4 16. Nd4 axb4 17. axb4 Rfc8 18. Nc6 Qe8 19. Ra1 Bd7 20. Na7 Rcb8 21. Rfc1 c5 22. dxc6 Bxc6 23. Nxc6 Rxa1 24. Rxa1 Qxc6 25. Bc4 Nd8 26. Bd5 Qc7 27. Qc4 Nxd5 28. exd5 Qd7 29. Rc1 Rb7 30. h3 h6 31. Nf3 Kh7 32. Nd4 Qe8 33. Nc6 Qd7 34. Nxd8 Qxd8 35. Qc6 Rd7 36. Qc8 Qe7 37. Qc6 1/2-1/2

[Event "Heusenstamm Sparkassen op-A 4th"]
[Site "Heusenstamm"]
[Date "2017.11.26"]
[Round "7"]
[White "Tjahja, Deryl"]
[Black "Riemann, Jonas"]
[Result "1/2-1/2"]
[WhiteElo "1904"]
[BlackElo "1717"]
[PlyCount "143"]
[EventDate "2017.11.23"]
[EventType "swiss"]
[EventRounds "7"]
[EventCountry "GER"]
[SourceTitle "EXT 2019"]
[Source "ChessBase"]
[SourceDate "2018.10.10"]
[SourceVersion "1"]
[SourceVersionDate "2018.10.10"]
[SourceQuality "1"]

1. e4 e6 2. d3 d5 3. Qe2 Nf6 4. Nf3 c5 5. g3 Nc6 6. Bg2 Be7 7. 0-0 0-0 8. Re1 d4 9. e5 Nd5 10. Nbd2 b6 11. Nf1 Bb7 12. h4 Qc7 13. N1h2 Rae8 14. Ng5 h6 15. Nh3 f6 16. exf6 Bxf6 17. Ng4 h5 18. Nh2 Qf7 19. Bf3 Qd7 20. Bxh5 Re7 21. Bg6 Ne5 22. Be4 Nb4 23. Bxb7 Qxb7 24. a3 Nd5 25. Ng4 Nc3 26. bxc3 Nf3+ 27. Kf1 Nxe1 28. Kxe1 Qh1+ 29. Ng1 Qd5 30. Nxf6+ gxf6 31. Qe4 Qxe4+ 32. dxe4 Rd7 33. Bb2 e5 34. Ke2 Rfd8 35. Nf3 d3+ 36. cxd3 Rxd3 37. g4 R3d6 38. Rg1 c4 39. Bc1 Rd3 40. Bd2 Rxf3 41. Kxf3 Rxd2 42. g5 Rd3+ 43. Ke2 Rxc3 44. gxf6+ Kf7 45. Rg7+ Kxf6 46. Rxa7 Rh3 47. Rb7 Rb3 48. a4 Rb2+ 49. Ke3 Rb3+ 50. Kd2 Kg6 51. Re7 Kf6 52. Rc7 Rb4 53. Kc3 Rxa4 54. Rc6+ Kf7 55. Rxb6 Ra2 56. Kxc4 Rxf2 57. Kd5 Rh2 58. Rh6 Kg7 59. Rh5 Kg6 60. Rf5 Rxh4 61. Kxe5 Rh1 62. Rf2 Ra1 63. Rd2 Kf7 64. Rd7+ Ke8 65. Ke6 Ra4 66. e5 Ra6+ 67. Rd6 Ra7 68. Rb6 Re7+ 69. Kd6 Rd7+ 70. Kc6 Ke7 71. Rb8 Rd1 72. Rb7+ 1/2-1/2

[Event "Heusenstamm Sparkassen op-A 4th"]
[Site "Heusenstamm"]
[Date "2017.11.24"]
[Round "2"]
[White "Riemann, Jonas"]
[Black "Kornitzky, Tino"]
[Result "1/2-1/2"]
[WhiteElo "1717"]
[BlackElo "1922"]
[PlyCount "102"]
[EventDate "2017.11.23"]
[EventType "swiss"]
[EventRounds "7"]
[EventCountry "GER"]
[SourceTitle "EXT 2019"]
[Source "ChessBase"]
[SourceDate "2018.10.10"]
[SourceVersion "1"]
[SourceVersionDate "2018.10.10"]
[SourceQuality "1"]

1. e4 c5 2. Nf3 d6 3. d4 cxd4 4. Nxd4 Nf6 5. Nc3 g6 6. Be3 Bg7 7. Qd2 Nc6 8. f3 0-0 9. g4 Nxd4 10. Bxd4 Be6 11. Nd5 Bxd5 12. exd5 Rc8 13. h4 Re8 14. 0-0-0 Qc7 15. Rh2 e6 16. dxe6 fxe6 17. h5 Nd5 18. Bxg7 Qxg7 19. hxg6 hxg6 20. Bd3 Rf8 21. Rdh1 Nf4 22. Rh8+ Qxh8 23. Rxh8+ Kxh8 24. Bxg6 Kg7 25. Be4 d5 26. Qd4+ Kg8 27. Bd3 e5 28. Qe3 d4 29. Qe4 Rc7 30. Kd2 Re8 31. Qf5 Nxd3 32. Qxd3 Re6 33. Qf5 Rce7 34. Qg5+ Kf7 35. Qh5+ Kg7 36. Kd3 Rf6 37. g5 Rg6 38. Qg4 Rf7 39. a3 Rb6 40. Qe4 Rb5 41. Qg4 Rxb2 42. Qh5 Rb6 43. g6 Rxg6 44. Qxe5+ Kh7 45. Kxd4 Rgf6 46. Qh5+ Kg7 47. Qg5+ Kf8 48. Qc5+ Re7 49. Qh5 Rd6+ 50. Kc3 Rc7+ 51. Kb2 Rb6+ 1/2-1/2

[Event "Heusenstamm Sparkassen op-A 4th"]
[Site "Heusenstamm"]
[Date "2017.11.24"]
[Round "3"]
[White "Thomas, Tobias"]
[Black "Riemann, Jonas"]
[Result "1/2-1/2"]
[WhiteElo "1879"]
[BlackElo "1717"]
[PlyCount "74"]
[EventDate "2017.11.23"]
[EventType "swiss"]
[EventRounds "7"]
[EventCountry "GER"]
[SourceTitle "EXT 2019"]
[Source "ChessBase"]
[SourceDate "2018.10.10"]
[SourceVersion "1"]
[SourceVersionDate "2018.10.10"]
[SourceQuality "1"]

1. d4 Nf6 2. Nf3 e6 3. e3 d5 4. Bd3 c5 5. b3 Nc6 6. 0-0 Be7 7. Bb2 0-0 8. Nbd2 b6 9. Ne5 Bb7 10. f4 Nxe5 11. fxe5 Ne4 12. Bxe4 dxe4 13. Qg4 Bg5 14. Rae1 Rc8 15. c4 Qe7 16. Nxe4 Bxe4 17. Qxe4 f5 18. exf6 Bxf6 19. Re2 Rf7 20. dxc5 bxc5 21. Ref2 Rcf8 22. Bxf6 Rxf6 23. Rxf6 Rxf6 24. Rxf6 gxf6 25. Kf2 Qd7 26. Ke2 Kg7 27. a3 a5 28. g3 a4 29. bxa4 Qxa4 30. Qg4+ Kf7 31. Qh5+ Kg7 32. Qxc5 Qc2+ 33. Kf3 Qd1+ 34. Kg2 Qe2+ 35. Kh3 Kg6 36. Qd4 f5 37. Qf4 Qh5+ 1/2-1/2

[Event "Bad Soden U14 op"]
[Site "Bad Soden"]
[Date "2017.09.30"]
[Round "2"]
[White "Riemann, Jonas"]
[Black "Moldenhauer, Lennart"]
[Result "1-0"]
[WhiteElo "1689"]
[BlackElo "1272"]
[PlyCount "95"]
[EventDate "2017.09.30"]
[EventType "swiss"]
[EventRounds "9"]
[EventCountry "GER"]
[SourceTitle "EXT 2019"]
[Source "ChessBase"]
[SourceDate "2018.10.10"]
[SourceVersion "1"]
[SourceVersionDate "2018.10.10"]
[SourceQuality "1"]

1. e4 e5 2. Nf3 Nc6 3. Bc4 Nf6 4. d3 Bc5 5. Be3 Bb6 6. c3 d6 7. Bb3 Be6 8. Bc2 0-0 9. 0-0 Qd7 10. d4 exd4 11. cxd4 d5 12. e5 Ne4 13. Nc3 Bf5 14. Nh4 Bg4 15. f3 Nxc3 16. bxc3 Bh5 17. Nf5 Bg6 18. Ng3 Na5 19. Ba4 c6 20. f4 Nc4 21. Qe2 f5 22. Bf2 Rae8 23. Qc2 Bd8 24. Bb3 b5 25. Bxc4 bxc4 26. Rab1 Bb6 27. Rb2 Rb8 28. Rfb1 Qc7 29. Ne2 Qe7 30. Qa4 Be8 31. Qc2 Bg6 32. Kh1 h6 33. Ng1 Kh8 34. Nf3 Qe6 35. a4 Bc7 36. Nh4 Bh7 37. a5 Qc8 38. Qa4 Qa6 39. Qa3 Rfe8 40. Nf3 Qc8 41. Bh4 Kg8 42. Be7 Qd7 43. Bc5 Qc8 44. Bxa7 Ra8 45. Bb6 Bxb6 46. Rxb6 Kh8 47. Qc5 Re6 48. Ra1 1-0

[Event "Rhein Main op-B 20th"]
[Site "Bad Homburg"]
[Date "2017.06.16"]
[Round "4"]
[White "Ringel, Max"]
[Black "Riemann, Jonas"]
[Result "0-1"]
[WhiteElo "1175"]
[BlackElo "1675"]
[PlyCount "100"]
[EventDate "2017.06.14"]
[EventType "swiss"]
[EventRounds "7"]
[EventCountry "GER"]
[SourceTitle "EXT 2018"]
[Source "ChessBase"]
[SourceDate "2017.10.13"]
[SourceVersion "1"]
[SourceVersionDate "2017.10.13"]
[SourceQuality "1"]

1. e4 e6 2. d4 d5 3. Nd2 Nf6 4. e5 Nfd7 5. c3 c5 6. Bd3 Nc6 7. Ne2 cxd4 8. cxd4 f6 9. f4 Bb4 10. a3 Ba5 11. 0-0 0-0 12. Kh1 Bb6 13. Nf3 Re8 14. Bd2 Nf8 15. Qe1 f5 16. Bb4 Nxb4 17. Qxb4 Bd7 18. a4 a5 19. Qa3 h6 20. h4 Nh7 21. b3 g5 22. g3 Kf7 23. Qb2 Rg8 24. Kh2 Qe7 25. Qa3 Qd8 26. b4 gxh4 27. Nxh4 Nf8 28. Nf3 Ng6 29. Rfc1 Ne7 30. b5 Nc8 31. Qc3 Qe8 32. Qe1 Bd8 33. Nd2 Kf8 34. Qf1 Qg6 35. Qh3 Be8 36. Nc3 b6 37. Be2 h5 38. Nf3 Ne7 39. Nh4 Qh7 40. Kg2 Ng6 41. Kf2 Nxh4 42. gxh4 Qh6 43. Ke3 Ra7 44. Rg1 Rag7 45. Rxg7 Qxg7 46. Kf2 Qe7 47. Rh1 Qb4 48. Qd3 Rg7 49. Bd1 Qb2+ 50. Kf1 Qg2+ 0-1

[Event "Heusenstamm Sparkassen op-B 3rd"]
[Site "Heusenstamm"]
[Date "2016.11.27"]
[Round "5"]
[White "Riemann, Jonas"]
[Black "Baranyai Molnar, Adam Kristof"]
[Result "1/2-1/2"]
[WhiteElo "1527"]
[BlackElo "1663"]
[PlyCount "113"]
[EventDate "2016.11.27"]
[EventType "swiss"]
[EventRounds "7"]
[EventCountry "GER"]
[SourceTitle "EXT 2018"]
[Source "ChessBase"]
[SourceDate "2017.10.13"]
[SourceVersion "1"]
[SourceVersionDate "2017.10.13"]
[SourceQuality "1"]

1. e4 c5 2. Nf3 e6 3. d4 cxd4 4. Nxd4 a6 5. Nc3 Qc7 6. Bd3 Nc6 7. Be3 Be7 8. 0-0 Nf6 9. Qe2 0-0 10. f4 d6 11. Kh1 b6 12. Rae1 Bb7 13. Nxc6 Bxc6 14. Bd2 Bb7 15. e5 Nd7 16. exd6 Bxd6 17. Qh5 Nf6 18. Qh3 Rfe8 19. Be3 Bc5 20. Na4 Bxe3 21. Rxe3 h6 22. Rg3 Kh8 23. Nc3 Rad8 24. Ne2 Be4 25. Nc3 Bxd3 26. Rxd3 Nd5 27. Nxd5 Rxd5 28. Rxd5 exd5 29. Qd3 Qc4 30. Qxc4 dxc4 31. Kg1 Rd8 32. Rf2 f5 33. Re2 Rd6 34. Kf2 Kg8 35. Ke3 Kf7 36. Rd2 Rc6 37. c3 Ke7 38. Rd4 b5 39. Kd2 Kf6 40. Ke3 g5 41. Kf3 h5 42. h3 g4+ 43. Kf2 Ke6 44. Ke3 Rc5 45. Kd2 Rd5 46. Ke3 Kd6 47. a4 Kc5 48. Rxd5+ Kxd5 49. axb5 axb5 50. hxg4 hxg4 51. g3 Kc6 52. Kd2 Kd5 53. Ke3 Kc5 54. Kd2 b4 55. Ke3 bxc3 56. bxc3 Kd5 57. Kd2 1/2-1/2

[Event "Rhein Main op-B 19th"]
[Site "Bad Homburg"]
[Date "2016.05.27"]
[Round "4"]
[White "Riemann, Jonas"]
[Black "Woessmann, David"]
[Result "0-1"]
[WhiteElo "1408"]
[BlackElo "1776"]
[PlyCount "64"]
[EventDate "2016.05.25"]
[EventType "swiss"]
[EventRounds "7"]
[EventCountry "GER"]
[SourceTitle "EXT 2017"]
[Source "ChessBase"]
[SourceDate "2016.10.25"]
[SourceVersion "1"]
[SourceVersionDate "2016.10.25"]
[SourceQuality "1"]

1. e4 e5 2. Nf3 Nc6 3. Bc4 Bc5 4. c3 Nf6 5. d4 exd4 6. cxd4 Bb4+ 7. Bd2 Qe7 8. e5 Ne4 9. 0-0 Nxd2 10. Nbxd2 0-0 11. a3 Ba5 12. Re1 d6 13. exd6 Qxd6 14. b4 Bb6 15. Ne4 Qf4 16. d5 Ne5 17. Nxe5 Qxe5 18. Qd2 a5 19. b5 Qf5 20. a4 Bd7 21. Ng3 Qf6 22. Ne4 Qh4 23. Qg5 Bxf2+ 24. Kh1 Qxg5 25. Nxg5 Bxe1 26. Rxe1 Rae8 27. Rf1 Re5 28. Nxf7 Rxf7 29. d6 Be6 30. Bxe6 Rxe6 31. Rxf7 Kxf7 32. dxc7 Re1# 0-1

[Event "Rhein Main op-B 19th"]
[Site "Bad Homburg"]
[Date "2016.05.26"]
[Round "2"]
[White "Riemann, Jonas"]
[Black "Lochmann, Tobias"]
[Result "1-0"]
[WhiteElo "1408"]
[BlackElo "729"]
[PlyCount "45"]
[EventDate "2016.05.25"]
[EventType "swiss"]
[EventRounds "7"]
[EventCountry "GER"]
[SourceTitle "EXT 2017"]
[Source "ChessBase"]
[SourceDate "2016.10.25"]
[SourceVersion "1"]
[SourceVersionDate "2016.10.25"]
[SourceQuality "1"]

1. e4 g6 2. d4 Bg7 3. Nf3 Nf6 4. e5 Nd5 5. c4 Nb4 6. a3 N4a6 7. Bf4 d6 8. Be2 Nc6 9. exd6 cxd6 10. Nc3 e5 11. dxe5 dxe5 12. Qxd8+ Nxd8 13. Bxe5 Bxe5 14. Nxe5 0-0 15. 0-0 Be6 16. Rad1 Nc6 17. Nxc6 bxc6 18. b4 c5 19. b5 Nb8 20. Bf3 Nc6 21. Bxc6 Rad8 22. Bd5 Bxd5 23. Nxd5 1-0

[Event "GER-ch U12"]
[Site "Willingen"]
[Date "2016.05.16"]
[Round "3"]
[White "Do, Nam"]
[Black "Riemann, Jonas"]
[Result "1-0"]
[WhiteElo "1757"]
[BlackElo "1368"]
[PlyCount "81"]
[EventDate "2016.05.15"]
[EventType "swiss"]
[EventRounds "11"]
[EventCountry "GER"]
[SourceTitle "CBM 172 Extra"]
[Source "ChessBase"]
[SourceDate "2016.06.21"]
[SourceVersion "1"]
[SourceVersionDate "2016.06.21"]
[SourceQuality "1"]

1. e4 e6 2. d4 d5 3. e5 c5 4. c3 Nc6 5. Nf3 cxd4 6. cxd4 Nge7 7. Na3 Nf5 8. Nc2 Bd7 9. Be2 Qb6 10. 0-0 Be7 11. Rb1 0-0 12. g4 Nh4 13. Nxh4 Bxh4 14. Bd3 f6 15. exf6 Bxf6 16. Be3 Qc7 17. g5 Be8 18. gxf6 Rxf6 19. Bg5 Rf8 20. Qg4 Qf7 21. Rbe1 Bd7 22. Qh4 g6 23. Re3 Rfe8 24. Bf4 e5 25. Bxe5 Nxe5 26. dxe5 Bf5 27. Bxf5 Qxf5 28. Nd4 Qd7 29. e6 Qe7 30. Qxe7 Rxe7 31. Rc1 Rd8 32. Rc5 Rd6 33. Re5 Rb6 34. Rexd5 Rbxe6 35. Nxe6 Rxe6 36. Rd7 Re8 37. Rcc7 h5 38. Rxb7 Re1+ 39. Kg2 Re8 40. Rg7+ Kf8 41. Rbf7# 1-0